Statistics for Halo Weapons

Click here to take the quiz!

General Stats

  • This quiz has been taken 1,957 times
    (1,935 since last reset)
  • The average score is 17 of 30

Answer Stats

HintAnswer% Correct
HumanPistol
94%
HumanAssault Rifle
92%
HumanSniper Rifle
90%
HumanBattle Rifle
89%
HumanRocket Launcher
87%
ElitesEnergy Sword
85%
CovenantPlasma Pistol
85%
CovenantPlasma Rifle
82%
CovenantNeedler
81%
HumanShotgun
78%
BrutesGravity Hammer
70%
HumanSMG
69%
CovenantCarbine
58%
BrutesBrute Shot
56%
BrutesSpiker
56%
CovenantBeam Rifle
50%
HumanFrag Grenade
50%
HumanMachine Gun
50%
CovenantPlasma Grenade
50%
HumanSpartan Laser
50%
CovenantFuel Rod Cannon
38%
ForerunnerSentinel Beam
38%
BrutesMauler
32%
BrutesSpike Grenade
30%
BrutesBrute Plasma Rifle
27%
HumanFlamethrower
24%
CovenantPlasma Cannon
23%
BrutesIncendiary Grenade
22%
HumanMissile Pod
10%
CovenantShade Turret
10%

Score Distribution

Percentile by Number Answered

Percent of People with Each Score

Your Score History

You have not taken this quiz since the last reset